Contemporary Japanese design

Bibliographic Details
Main Author: Evens, Sian (Author)
Format: Book
Language:English
Published: London : Quarto Publishing 1991
Subjects:

MARC

LEADER 00000cam a2200000 7i4500
001 0000000699
005 20240919.0
008 991124 enk a eng
020 |a 1855850338 
040 |a INS   |b eng   |e rda 
090 0 0 |a NK1484.A1   |b E82 1991 
100 1 |a Evens, Sian ,   |e author 
245 1 0 |a Contemporary Japanese design   |c Sian Evans 
264 1 |a London :   |b Quarto Publishing   |c 1991 
264 4 |c ©1991 
300 |a 224 pages :   |b colour illustrations ;   |c 26 cm. 
336 |a text  |2 rdacontent 
337 |a unmediated  |2 rdamedia 
338 |a volume  |2 rdacarrier 
500 |a Includes index 
650 0 |a Design   |z Japan 
999 |a 0000006580   |b BOOK   |c Open Shelf   |e Default branch